| 000 | 00000nam 2200000zi 4500 |
| 001 | 9.922084 |
| 003 | CaOODSP |
| 005 | 20231123085211 |
| 006 | m o d f |
| 007 | cr |n||||||||| |
| 008 | 230501t19941994onc o f|0| 0 fre d |
| 040 | |aCaOODSP|bfre|erda|cCaOODSP |
| 043 | |aa-ja |
| 086 | 1 |aC2-187/1994F-PDF |
| 245 | 03|aLa protection de la propriété intellectuelle : |ble Japon. |
| 264 | 1|aOttawa : |bAffaires étrangères et Commerce international Canada, Industrie Canada, |cmars 1994. |
| 264 | 4|c©1994 |
| 300 | |a1 ressource en ligne (34 pages) |
| 336 | |atexte|btxt|2rdacontent/fre |
| 337 | |ainformatique|bc|2rdamedia/fre |
| 338 | |aressource en ligne|bcr|2rdacarrier/fre |
| 500 | |aPublié aussi en anglais sous le titre : Protecting intellectual property: an introduction to Japan. |
| 500 | |aÉdition numérisée de l'imprimé [par Innovation, Sciences et Développement économique Canada]. |
| 650 | 6|aPropriété intellectuelle|zJapon. |
| 650 | 6|aPropriété intellectuelle (Droit international) |
| 650 | 6|aBrevets d'invention|xDroit|zJapon. |
| 710 | 1 |aCanada. |bIndustrie Canada, |eorganisme de publication. |
| 710 | 1 |aCanada. |bAffaires étrangères et commerce international Canada, |eorganisme de publication. |
| 775 | 08|tProtecting intellectual property : |w(CaOODSP)9.922082 |
| 856 | 40|qPDF|s951 Ko|uhttps://publications.gc.ca/collections/collection_2023/isde-ised/c2/C2-187-1994-fra.pdf |